Selección de programas de cómputo para el manejo de recursos informativos (Record no. 101072)
[ view plain ]
| 000 -LEADER | |
|---|---|
| fixed length control field | 00632cam a2200169 4500 |
| 005 - DATE AND TIME OF LATEST TRANSACTION | |
| control field | 20220317132105.0 |
| 008 - FIXED-LENGTH DATA ELEMENTS--GENERAL INFORMATION | |
| fixed length control field | 220317b mx ||||| |||| 00| 0 spa d |
| 050 04 - LIBRARY OF CONGRESS CALL NUMBER | |
| Classification number | Z678.9.A4 |
| Item number | M6 2000 |
| 245 00 - TITLE STATEMENT | |
| Title | Selección de programas de cómputo para el manejo de recursos informativos |
| Statement of responsibility, etc | / editado por Jesús Lau, Jesús Cortes. |
| 260 ## - PUBLICATION, DISTRIBUTION, ETC. (IMPRINT) | |
| Place of publication, distribution, etc | México : |
| Name of publisher, distributor, etc | Universidad Autónoma de Ciudad Juárez, |
| Date of publication, distribution, etc | 2000 |
| 300 ## - PHYSICAL DESCRIPTION | |
| Extent | vii, 185 p. ; |
| Dimensions | 22 cm |
| 651 #7 - SUBJECT ADDED ENTRY--GEOGRAPHIC NAME | |
| Geographic name | México |
| General subdivision | Automatizacion de blibliotecas |
| 651 #7 - SUBJECT ADDED ENTRY--GEOGRAPHIC NAME | |
| Source of heading or term | lemb |
| Geographic name | Costa Rica |
| General subdivision | Biblioteca pública |
| 700 1# - ADDED ENTRY--PERSONAL NAME | |
| Personal name | Lau, Jesús, |
| Relator term | autor |
| 700 1# - ADDED ENTRY--PERSONAL NAME | |
| Personal name | Cortés, Jesús, |
| Relator term | autor |
| 942 ## - ADDED ENTRY ELEMENTS (KOHA) | |
| Source of classification or shelving scheme | Biblioteca del Cogreso de los Estados Unidos |
| Koha item type | Libro |
| Estado de pérdida | Fuente de clasificación | Estado del daño | No para préstamo | Ubicación permanente | Ubicación actual | Apartado o colección | Fecha de adquisición | Edición | Área del conocimiento | Clasificación | Código de Barras | Date last seen | Número de copia | Costo por reposición | Tipo de recurso | Nota pública |
|---|---|---|---|---|---|---|---|---|---|---|---|---|---|---|---|---|
| Biblioteca del Cogreso de los Estados Unidos | Biblioteca de la Unidad de Ciencias Ingeniería y Humanidades | Biblioteca de la Unidad de Ciencias Ingeniería y Humanidades | General | 17/03/2022 | 1a ed. | Educación y Humanidades | Z678.9.A4 M6 2000 | BCU000010731 | 17/03/2022 | 1 | 1.00 | Libro | Fotocopias solo para investigación |